000 00477nam a2200121Ia 4500
008 220620s9999||||xx |||||||||||||| ||und||
100 _aFederighi, Paolo
245 0 _aChapter Non-linear Paths in Transitions through the Labour Market
546 _aEnglish[eng]
650 _ahigher education democratisation||non-linear transitions||professionalization measures in higher education
856 _uhttps://library.oapen.org/bitstream/20.500.12657/55937/1/13827.pdf
942 _cEB
999 _c34298
_d34298